| Поле | Инд. | ПП | Название | Значение |
|---|---|---|---|---|
| Тип записи | a | |||
| Библиографический уровень | m | |||
| 001 | Контрольный номер | ece44c3d65ff4f9e8e648b9fc2b974d9 | ||
| 005 | Дата корректировки | 20221110115737.0 | ||
| 040 | b | Код языка каталог. | rus | |
| 041 | 0_ | a | Код языка текста | rus |
| 080 | a | Индекс УДК | 621.382.2/3 | |
| 084 | a | Индекс другой классификации/Индекс ББК | 32.852 | |
| 090 | a | Полочн. индекс | 621.382 | |
| x | Авторский знак | Л73 | ||
| 097 | b | Оператор | 02 | |
| 100 | 1_ | a | Автор | Локтаев Ю. М. |
| 245 | 10 | a | Заглавие | Разработка и исследование многослойных кремниевых структур мощных высоковольтных тиристоров |
| b | Продолж. заглавия | дисс. в форме науч. доклада на соиск. учёной степени канд.техн. наук : 05.27.01 | ||
| 260 | a | Место издания | М. | |
| b | Издательство | ВЭИ | ||
| c | Дата издания | 1987 | ||
| 300 | a | Объем | 26 с. | |
| 510 | 0_ | a | Примечание о ссылках | Диссертации и авторефераты диссертаций |
| 653 | 0_ | a | Ключевые слова | тиристоры; кремний; полупроводниковые приборы |
| 901 | t | Тип документа | d |